000 01110nam a2200277 i 4500
003 DO-SdBNP
005 20231113100658.0
007 ta
008 231113b2009 dr abc|| |||| 00| 0 spa d
020 _a9789945121414
040 _aDO-SdBNP
_bspa
_cBNPHU
_erda
082 4 _222
100 _aCabral Rodríguez, Juana Yessenia,
_eautora
_984623
245 1 0 _aSociales para hoy 4 :
_beducación básica /
_cJuana Yessenia Cabral Rodríguez, Susana Hernández
264 _aSanto Domingo :
_bSusaeta,
_c2009.
300 _a240 páginas :
_bilustraciones, mapas y retratos ;
_c28 cm.
336 _2rdacontent
_atexto
_btxt
337 _2rdamedia
_asin mediación
_bn
338 _2rdacarrier
_avolumen
_bnc
500 _aIncluye datos biográficos de las autoras
505 0 _aUnidad 1--
_tBienvenido a mi provincia--
_gUnidad 2--
_tLas regiones de mi pais--
_gUnidad 3--
_tLa macrorregión Sureste--
_gUnidad 4--
_tCómo es la macrorregión Suroeste?
_gUnidad 5--
_tCómo es la macrorregión Norte?.
590 _aInventariado, 2023/BT
700 1 _aHernández, Susana
_984624
910 _aBtavárez
942 _2ddc
_cLBS1
999 _c55464
_d55464